书目信息 |
| 题名: |
数学考研考点精讲方法精练
|
|
| 作者: | 龚冬保 主编 ;龚冬保 , 王寿生 , 褚维盘 编著 | |
| 分册: | 数学一 | |
| 出版信息: | 西安 西安交通大学出版社 2006.04 |
|
| 页数: | 504页 | |
| 开本: | 26cm | |
| 丛书名: | 数学135系列 | |
| 单 册: | ||
| 中图分类: | O13 | |
| 科图分类: | ||
| 主题词: | 高等数学--gao deng shu xue--研究生--入学考试--自学参考资料 | |
| 电子资源: | ||
| ISBN: | 7-5605-2169-X | |
| 000 | 01146nam 2200289 450 | |
| 001 | 012006444571 | |
| 005 | 20061019094558.85 | |
| 010 | @a7-5605-2169-X@dCNY41.50 | |
| 100 | @a20060921d2006 km y0chiy0120 ea | |
| 101 | 0 | @achi |
| 102 | @aCN@b610000 | |
| 105 | @ay z 000yy | |
| 200 | 1 | @a数学考研考点精讲方法精练@Ashu xue kao yan kao dian jing jiang fang fa jing lian@e2007年版@i数学一@f龚冬保主编@Fgong dong bao zhu bian@g龚冬保, 王寿生, 褚维盘编著@Ggong dong bao,wang shou sheng,zhu wei pan bian zhu |
| 210 | @a西安@c西安交通大学出版社@d2006.04 | |
| 215 | @a504页@d26cm | |
| 225 | 2 | @a数学135系列@Ashu xue 135 xi lie |
| 330 | @a本书主要内容讲述是专门针对考研复习编写的数学教材,内容严格按教育部制订的“数学考研大纲”编写。本书包括数学一的内容。 | |
| 410 | 0 | @12001 @a数学135系列 |
| 517 | 1 | @a数学一@Ashu xue yi |
| 606 | 0 | @a高等数学@Agao deng shu xue@x研究生@x入学考试@j自学参考资料 |
| 690 | @aO13@v4 | |
| 701 | 0 | @a龚冬保@Agong dong bao@4主编 |
| 702 | 0 | @a龚冬保@Agong dong bao@4编著 |
| 702 | 0 | @a王寿生@Awang shou sheng@4编著 |
| 702 | 0 | @a褚维盘@Azhu wei pan@4编著 |
| 801 | 0 | @aCN@c20061019 |
| 905 | @a10447@dO13@eG380 | |
| 数学考研考点精讲方法精练:2007年版.数学一/龚冬保主编/龚冬保, 王寿生, 褚维盘编著.-西安:西安交通大学出版社,2006.04 |
| 504页;26cm.-(数学135系列) |
| ISBN 7-5605-2169-X:CNY41.50 |
| 本书主要内容讲述是专门针对考研复习编写的数学教材,内容严格按教育部制订的“数学考研大纲”编写。本书包括数学一的内容。 |
| ● |
| 相关链接 |
|
|
|
正题名:数学考研考点精讲方法精练
索取号:O13/G380
 
预约/预借
| 序号 | 登录号 | 条形码 | 馆藏地/架位号 | 状态 | 备注 |
| 1 | 222515 | 202225154 | 自科库401/401自科库 106排3列4层/ [索取号:O13/G380] | 在馆 | |
| 2 | 222516 | 202225163 | 自科库401/401自科库 106排3列4层/ [索取号:O13/G380] | 在馆 | |
| 3 | 222517 | 202225172 | 自科库401/401自科库 106排3列4层/ [索取号:O13/G380] | 在馆 |